Statistics for Geography A-Z #3

Click here to take the quiz!

General Stats

  • This quiz has been taken 26,131 times
  • The average score is 17 of 26

Answer Stats

HintAnswer% Correct
QOntario's eastern neighbourQuebec
89%
GSpherical mapGlobe
88%
OAtmospheric layerOzone
88%
ZBiggest city in SwitzerlandZürich
87%
KCapital of AfghanistanKabul
86%
UCity-relatedUrban
85%
BWaikiki or Bondi, e.g.Beach
80%
XFear of foreignersXenophobia
79%
MMolten rockMagma
78%
DVolcano in "sleep" modeDormant
76%
FEarthquake lineFault
76%
SBeijing's pollution problemSmog
76%
NNation with a five-sided flagNepal
75%
AElevationAltitude
70%
JCapital of MississippiJackson
64%
YRiver with the Three Gorges DamYangtze
64%
WIguazu or Angel, e.g.Waterfall
60%
H1952 Olympics cityHelsinki
55%
VLiechtenstein capitalVaduz
53%
LWindward's oppositeLeeward
52%
IYamoussoukro coast?Ivory
45%
CKambuja, in ancient timesCambodia
40%
RIts capital was SalisburyRhodesia
29%
EFrench spa townEvian
28%
PPrimary language of KPashto
22%
TSmall mountain lakeTarn
16%

Score Distribution

Percentile by Number Answered

Percent of People with Each Score

Your Score History

You have not taken this quiz